Central Library OPAC University of Rajshahi

Shakti and Shâkta : (Record no. 32543)

MARC details
000 -LEADER
fixed length control field 00795nam a22002292 4500
001 - CONTROL NUMBER
control field 32543
003 - CONTROL NUMBER IDENTIFIER
rucl marc code BD-RjUL
005 - DATE AND TIME OF LATEST TRANSACTION
control field 20211209051843.0
008 - FIXED-LENGTH DATA ELEMENTS--GENERAL INFORMATION
fixed length control field 140427t1918 enk 000 0 eng d
035 ## - SYSTEM CONTROL NUMBER
System control number (BD-RjUL)32632
040 ## - CATALOGING SOURCE
Original cataloging agency CLE
Transcribing agency CLE
Modifying agency EQO
-- BD-RjUL
Language of cataloging eng
041 ## - LANGUAGE CODE
Language code of text/sound track or separate title eng
082 04 - DEWEY DECIMAL CLASSIFICATION NUMBER
Classification number 294.5514
Author mark and year WOS 1918
100 1# - MAIN ENTRY--PERSONAL NAME
Personal name Woodroffe, John George,
Dates associated with a name 1865-1936.
9 (RLIN) 95875
245 00 - TITLE STATEMENT
Title Shakti and Shâkta :
Remainder of title essays and addresses on the Shakta Tantrashâstra /
Statement of responsibility, etc. by Sir John Woodroffe.
250 ## - EDITION STATEMENT
Edition statement 2d ed., rev. and enl.
260 ## - PUBLICATION, DISTRIBUTION, ETC. (IMPRINT)
Place of publication, distribution, etc. London :
Name of publisher, distributor, etc. Luzac & co.,
Date of publication, distribution, etc. 1918.
300 ## - PHYSICAL DESCRIPTION
Pagination ii, 191 p. ;
Size 25 cm.
500 ## - GENERAL NOTE
General note "Seven of the original chapters embodied a set of lectures delivered before ... the Vivekânda society in Calcutta."
650 #0 - SUBJECT ADDED ENTRY--TOPICAL TERM
Topical term or geographic name as entry element Shaktism.
9 (RLIN) 95876
942 ## - ADDED ENTRY ELEMENTS (KOHA)
Source of classification or shelving scheme Dewey Decimal Classification
Koha item type Books
Holdings
Lost status Source of classification or shelving scheme Damaged status Not for loan Collection code Permanent Location Current Location Shelving location Date acquired Source of acquisition Total Checkouts Full call number Date last seen Copy number Koha item type
  Dewey Decimal Classification   Not For Loan Non-fiction Central Library, University of Rajshahi Central Library, University of Rajshahi Reading Room 19/02/1957 Puthia razshahi   294.5514 WOS 1918 27/04/2014 C-1 Books